|
|
|
|
| LEADER |
00000nab a2200000 a 4500 |
| 001 |
vtls000091125 |
| 003 |
SK-MaSNL |
| 005 |
20260303022615.0 |
| 008 |
160202c1981 xo 0 cze |
| 015 |
|
|
|a SNBRB19rr/mm-uuuuu
|
| 035 |
|
|
|a CL0101228
|
| 040 |
|
|
|a SNKBUCL
|b slo
|c SNKBUCL
|e AACR2
|
| 041 |
0 |
|
|a cze
|
| 044 |
|
|
|a xo
|c SK
|
| 080 |
|
|
|a 885.0-1
|2 1981
|
| 100 |
1 |
|
|a Rytíř, Zdeněk,
|d 1944-2013
|4 aut
|9 119455
|
| 245 |
1 |
0 |
|a Tvým dlouhým vlasům
|c Zdeněk Rytíř
|
| 650 |
0 |
7 |
|a populárne piesne
|2 snkbucl
|9 3446
|
| 655 |
|
7 |
|a články z novín a časopisov
|2 snkbucl
|9 267496
|
| 655 |
|
7 |
|a články z odboru literárna veda a krásna literatúra
|2 snkbucl
|9 770045
|
| 773 |
0 |
|
|t Rozhlas
|g Č. 25 (1981), s. 18
|
| 850 |
|
|
|a Slovenská národná knižnica v Martine
|a MTA001
|
| 852 |
|
|
|a SNK
|b KIS3GCP
|
| 958 |
|
|
|a RK
|
| 958 |
|
|
|a CZ
|
| 958 |
|
|
|a LX
|
| 958 |
|
|
|a SK
|
| 992 |
|
|
|a RBX
|
| 999 |
|
|
|c 1629821
|d 1631751
|